Регионална библиотека "Любен Каравелов" - Русе

Звезда над Витлеем (Запис номер 89162)

MARC детайли
000 -Лидер
Контролно поле с фиксирана дължина 01238nam a2200313 c 4500
003 - Код на организацията, давaща контролен номер
Контролно поле BLK
005 - Дата и час на последна редакция
Контролно поле 20220224093636.0
008 - Елементи от данни с фиксирана дължина
fixed length control field 180408b bul|||||r ||||||| ||bul||
010 ## - Наследен системен номер
LC control number KNG00093857000
020 ## - Международен стандартен номер на книга ISBN
Международен стандартен номер на книга ISBN 978-954-9972-95-5
040 ## - Източник на каталожния запис
Идентификатор на билиотеката - собственик на записа BLK
041 ## - Код за език
Код за езика на текст/звукозапис или на отделно заглавие Български
Код за езика КДБФ Български
072 #7 - Код за тематичната категория
Код организация bullib
Код за тематична категория К
Текст Краезнание
080 ## - УДК
Текстов определител УДК Българска литература
УДК код - определител по УДК 821.163.2
УДК определител -1
УДК - код + определител 821.163.2-1
100 1# - Редна дума - Автор
Автор Бакалова, Венета Георгиева
Авторска отговорност първи автор
R(LIN) 280568
139 ## - Редно поле
Редна дума Бакалова, Венета Георгиева
Авторски знак Бак - Б 16
245 10 - Сведения за заглавието
Заглавие Звезда над Витлеем
Подзаглавни данни Сакрална лирика и други
Редно поле (дума) Венета Георгиева Бакалова; худож. Венета Георгиева Бакалова.
257 ## - Страна на издаване
Страна на създаване/издаване България
260 ## - Област на издателските данни
Име на издателя, разпространителя и проч. Примакс
Година на издаване 2009
300 ## - Физическа характеристика
Страници 62 с.
Илюстрации и др. с ил.
Размери/Мащаб 20 см
380 ## - Жанр
Жанр Худож. лит.
659 ## - Тематичен бюлетин
Тематичен бюлетин К
700 1# - Други автори (авторска отговорност)
Лично име Бакалова, Венета Георгиева
Автороска отговорност (Описва отношението между автора и произведението) худож.
9 (RLIN) 373368
852 ## - Местоположение
Форматна сигнатура Цб 246793
852 ## - Местоположение
Форматна сигнатура К 821.163.2/Б 16 В
856 4# - Електронен адрес и достъп
Електронен формат pdf - файл
856 4# - Електронен адрес и достъп
Електронен формат pdf - файл
999 ## - СИСТЕМНИ КОНТРОЛНИ НОМЕРА
Koha biblionumber 89162
Koha biblioitemnumber 89162
942 ## - АРТИКУЛИ
Вид на библиотечния материал Книги
Скрит в OPAC Не
Периодичен библиозапис Да
944 ## - СЪЗДАВАНЕ И РЕДАКЦИЯ на ЗАПИСА
Създаване/Редакция Създаване
Дата на регистрацията/редакция 27.01.2010
Статус, дата на статуса ф /
Служител, извършил регистрацията/редакцията Валя_Йорданова
944 ## - СЪЗДАВАНЕ И РЕДАКЦИЯ на ЗАПИСА
Създаване/Редакция Редакция
Дата на регистрацията/редакция 25.05.2015
Статус, дата на статуса ф /
Служител, извършил регистрацията/редакцията Валентина_Караджова
999 ## - СИСТЕМНИ КОНТРОЛНИ НОМЕРА
Koha biblioitemnumber 89162
Наличности
Код за отписване Код за изгубен артикул Източник на класификационната схема Код за повреда Коз за рестрикции Код за отдаване Артикулен № Име на библиотеката - собственик Име на библиотеката, в която се намира в момента Статус (Текущо местоположение) Дата на вписване в системата Местоположение - отдел Цена в лева Номерация (Хронология) Инвентарен номер Систематично азбучна сигнатура Баркод Номер на екземпляра Цена в евро Служебна бележка Служебен тип на артикула
  Не е изгубен Universal Decimal Classification Не е повреден без рестрикции ползва се в читалня 144365 Регионална библиотека "Любен Каравелов" Русе Регионална библиотека "Любен Каравелов" Русе Краезнание 2010-01-28 Краезнание 4.00 Автограф: Венета Бакалова 120000741538 К 821.163.2/Б 16 В 120000741538 1 2.05 Дост: DA Вид: А N: 4 Дата: 28.01.2010 Дата инв: 13.11.2017 Бележки инв: К2017 Книги
  Не е изгубен Universal Decimal Classification Не е повреден   ползва се в читалня 732863 Регионална библиотека "Любен Каравелов" Русе Регионална библиотека "Любен Каравелов" Русе Хранилище 2019-08-23 Хранилище 5.00     Цб 296433 120000835667   2.56   Книги
Vip Innovations Ltd, Rousse, Bulgaria 2025